000 00812nam a2200157Ia 4500
008 220216s9999 xx 000 0 und d
100 _aRemadevi O K
245 0 _aEfficacy of chloropyriphos as protectant of wood against borer and termite attack
260 _bWood News
_c1997
300 _a22-25
520 _aRubberwood [Hevea brasiliensis] stakes were treated with different concentrations of 2 different commercial formulations of chlorpyrifos, by either vacuum impregnation or dipping. Even at low concentrations the formulations were effective at preventing damage by termites (Isoptera) and powder post beetles (bostrychids and lyctids) in test yards in India when compared with untreated controls.
650 _aRubberwood
650 _aWood treatment
700 _aRaja Muthukrishnan
942 _cJS
999 _c58404
_d58404